000 00314nam a22001337a 4500
008 170608b xxu||||| |||| 00| 0 eng d
020 _a9780738608099
041 _aeng
080 _a328
100 _a18
101 _aSHP
245 _aAP U.S. GOVERNMENT AND POLITICS CRASH COURSE
_cKRIEGER,L
942 _2udc
_cBK
999 _c16428
_d16428